<?xml version="1.0" encoding="UTF-8"?><?xml-stylesheet type="text/xsl" href="static/style.xsl"?><OAI-PMH xmlns="http://www.openarchives.org/OAI/2.0/" xmlns:xsi="http://www.w3.org/2001/XMLSchema-instance" xsi:schemaLocation="http://www.openarchives.org/OAI/2.0/ http://www.openarchives.org/OAI/2.0/OAI-PMH.xsd"><responseDate>2026-06-01T23:51:42Z</responseDate><request verb="GetRecord" identifier="oai:riuma.uma.es:10630/12865" metadataPrefix="marc">https://riuma.uma.es/rest/oai/request</request><GetRecord><record><header><identifier>oai:riuma.uma.es:10630/12865</identifier><datestamp>2026-02-03T11:57:57Z</datestamp><setSpec>com_10630_2254</setSpec><setSpec>col_10630_37959</setSpec></header><metadata><record xmlns="http://www.loc.gov/MARC21/slim" xmlns:dcterms="http://purl.org/dc/terms/" xmlns:doc="http://www.lyncode.com/xoai" xmlns:xsi="http://www.w3.org/2001/XMLSchema-instance" xsi:schemaLocation="http://www.loc.gov/MARC21/slim http://www.loc.gov/standards/marcxml/schema/MARC21slim.xsd">
   <leader>00925njm 22002777a 4500</leader>
   <datafield ind2=" " ind1=" " tag="042">
      <subfield code="a">dc</subfield>
   </datafield>
   <datafield ind2=" " ind1=" " tag="720">
      <subfield code="a">Ayala-Herrera, Isabel M.</subfield>
      <subfield code="e">author</subfield>
   </datafield>
   <datafield ind2=" " ind1=" " tag="720">
      <subfield code="a">Zagalaz-Cachinero, Juan</subfield>
      <subfield code="e">author</subfield>
   </datafield>
   <datafield ind2=" " ind1=" " tag="720">
      <subfield code="a">Sánchez-López, Virginia</subfield>
      <subfield code="e">author</subfield>
   </datafield>
   <datafield ind2=" " ind1=" " tag="720">
      <subfield code="a">Zagalaz-Sánchez, María Luisa</subfield>
      <subfield code="e">author</subfield>
   </datafield>
   <datafield ind2=" " ind1=" " tag="260">
      <subfield code="c">2017-02-02</subfield>
   </datafield>
   <datafield ind2=" " ind1=" " tag="520">
      <subfield code="a">La presente contribución se concibe como un espacio de reflexión sobre la propia&#xd;
&#xd;
investigación, concretamente sobre la configuración del currículum investigador de&#xd;
&#xd;
profesionales de la Educación Musical que proceden de la carrera musicológica pero que&#xd;
&#xd;
aterrizan en la didáctica teniéndose que adaptar a la investigación educativa por exigencias del&#xd;
&#xd;
sistema con mayor o menor suerte, resistencias o complejos.&#xd;
&#xd;
Tras el estudio y análisis de casos concretos, abogaremos por una línea integrada,&#xd;
&#xd;
interdisciplinar –e innovadora– (efecto Médici) más que por un currículum estratificado y&#xd;
&#xd;
pendular (efecto mosaico), el más frecuente en los investigadores descritos, así como de la&#xd;
&#xd;
necesidad del trabajo en red en lugar del individualismo imperante tradicionalmente en el&#xd;
&#xd;
área.</subfield>
   </datafield>
   <datafield ind1="8" ind2=" " tag="024">
      <subfield code="a">http://hdl.handle.net/10630/12865</subfield>
   </datafield>
   <datafield ind1="8" ind2=" " tag="024">
      <subfield code="a">http://orcid.org/0000-0002-8947-7125</subfield>
   </datafield>
   <datafield tag="653" ind2=" " ind1=" ">
      <subfield code="a">Educación - Investigación</subfield>
   </datafield>
   <datafield tag="653" ind2=" " ind1=" ">
      <subfield code="a">Musica - Estudio y enseñanza</subfield>
   </datafield>
   <datafield ind2="0" ind1="0" tag="245">
      <subfield code="a">Efecto Médici versus efecto mosaico: hibridaciones del currículum  investigador en educación musical</subfield>
   </datafield>
</record>
</metadata></record></GetRecord></OAI-PMH>